Open Data Biblioteca Nacional de Portugal


República Portuguesa: Ministério da Cultura
Biblioteca Nacional de Portugal

Catálogo da BNP: acesso por Identificadores Unívocos
Registos Bibliográficos associados ao registo de autoridade

Etiqueta de registo: 00000nkm 2200025 450
001 2281515
003 http://id.bnportugal.gov.pt/bib/catbnp/2281515
100 ## $a20260318d1990 m y0pory01030103ba
101 0# $apor
102 ## $aPT
200 1# $aPapagaios de Macau, Exposição, Arquivo Distrital, 31 de agosto a 9 de setembro$bVisual gráfico]$fAssociação Jogos Tradicionais Guarda
210 #9 $a[Guarda]$cAssociação Jogos Tradicionais Guarda,$d1990
215 ## $a1 cartaz$ccolor.$d42x29,6 cm
317 ## $aColeção Madeira Luís
710 12 $aFesta Internacional dos Jogos,$d4,$eGuarda,$f1990$31649029
712 01 $aAssociação Jogos Tradicionais Guarda$4557$31992291
801 #0 $aPT$bBN$gRPC
966 ## $lBN$mICONOG$sCT. 16500 V.$x3
971 ## $cCaticonografia5$d20260318
995 ## $aPRR2026

Etiqueta de registo: 00000nkm 2200025 450
001 2281767
003 http://id.bnportugal.gov.pt/bib/catbnp/2281767
100 ## $a20260319d1990 m y0pory01030103ba
101 0# $apor
102 ## $aPT
200 1# $aExposição Distrital de Artesanato, Pavilhão do Parque Municipal da Guarda, 31 agosto a 9 setembro 1990$bVisual gráfico]$fAssociação Jogos Tradicionais, Guarda
210 #9 $aGuarda$cAssociação Jogos Tradicionais Guarda,$d1990
215 ## $a1 cartaz$ccolor.$d42x29,5 cm
317 ## $aColeção Madeira Luís
710 01 $aAssociação Jogos Tradicionais Guarda$31992291
801 #0 $aPT$bBN$gRPC
966 ## $lBN$mICONOG$sCT. 16587 V.$x3
971 ## $cCaticonografia7$d20260319
995 ## $aPRR2026

OpendataBNP@bnportugal.pt | Mais informação sobre acesso aos dados BNP